Sociálna exklúzia v Slovenskej republike a v Európskej únii

Sociálna exklúzia je v EÚ chápaná ako neschopnosť dosiahnuť životnú úroveň, ktorú väčšina členov spoločnosti považujú za samozrejmú a garantovanú. Ide o komplexný a dynamický koncept, ktorý je aktuálny v rámci procesu sociálnej inklúzie v EÚ – ide o situáciu, keď sú určití ľudia, alebo sociálne skup...

Descrizione completa

Salvato in:
Dettagli Bibliografici
Autore principale: Veselovská, Stanislava, 1957-
Natura: Capitolo di libro
Lingua:slovacco
Soggetti:
Tags: Aggiungi Tag
Nessun Tag, puoi essere il primo ad aggiungerne!!

MARC

LEADER 00000nla a2200000 4500
001 0172106
005 20240502072942.3
041 0 |a slo 
044 |a SK 
245 1 0 |a Sociálna exklúzia v Slovenskej republike a v Európskej únii  |c Stanislava Veselovská 
520 |a Sociálna exklúzia je v EÚ chápaná ako neschopnosť dosiahnuť životnú úroveň, ktorú väčšina členov spoločnosti považujú za samozrejmú a garantovanú. Ide o komplexný a dynamický koncept, ktorý je aktuálny v rámci procesu sociálnej inklúzie v EÚ – ide o situáciu, keď sú určití ľudia, alebo sociálne skupiny vytláčaní na okraj spoločnosti, spôsobenou vplyvom chudoby, diskriminácie alebo nedostatku základných ľudských práv a možností sa vzdelávať. Definície sociálnej exklúzie. Porovnanie sociálnej exklúzie v SR a EÚ. Postavenie rómskeho národnostného etnika v kontexte zamestnanosti. 
610 2 0 |a vylúčenie sociálne 
610 2 0 |a skupiny sociálne 
610 2 0 |a Rómovia 
610 2 0 |a deprivácia 
610 2 0 |a byty 
610 2 0 |a Slovensko 
610 2 0 |a Európska únia 
100 1 |a Veselovská, Stanislava, 1957-